| 000 | | | 04015cbm0a2200265#x 450 |
| 001 | | | fe831e9b-e3af-4cad-842a-3f1da3410e1c |
| 005 | | | 20200427160944.0 |
| 100 | ## | $a | 20200423j19361126k###0rusy50 ca |
| 101 | 0# | $a | fre |
| | $a | rus |
| 102 | ## | $a | FR |
| 122 | 0# | $a | d19361126## |
| 200 | 1# | $a | Информация 2-го бюро Генштаба французской армии об отправке правительством республиканской Испании странам-участникам соглашения о невмешательстве в испанские дела ноты с требованием отмены законов о запрещении вывоза оружия из этих стран для республиканской Испании |
| | $j | 26 ноября 1936 г. |
| 251 | ## | $c | Документ |
| 300 | ## | $a | Копия. На французском языке. Перевод прилагается (3 листа) |
| 461 | #0 | $1 | 2001 |
| | $a | Ф. 7 |
| | $1 | 251 |
| | $c | Фонд |
| | $1 | 852 |
| | $j | 7 |
| 462 | #0 | $1 | 2001 |
| | $a | Оп. 1 |
| | $1 | 251 |
| | $c | Опись |
| | $1 | 852 |
| | $j | 1 |
| 462 | #0 | $1 | 2001 |
| | $a | Д. 191 |
| | $v | Л. 681-683 |
| | $1 | 251 |
| | $c | Дело |
| | $1 | 852 |
| | $j | 191 |
| 605 | ## | $2 | prlib_sh |
| | $3 | LIBNET\UAF\0000088514 |
| | $a | Вторая мировая война в архивных документах (Комплекс оцифрованных архивных документов, кино- и фотоматериалов) |
| | $l | коллекция |
| 617 | ## | $a | Испания |
| | $f | 1936 |
| | $2 | prlib_sh |
| 617 | ## | $a | Франция |
| | $f | 1936 |
| | $2 | prlib_sh |
| 801 | #0 | $a | RU |
| | $b | ПБ им. Б.Н. Ельцина |
| | $c | 20200423 |
| 801 | #1 | $a | RU |
| | $b | ПБ им. Б.Н. Ельцина |
| | $c | 20200423 |
| | $2 | rusmarc |
| 801 | #2 | $a | RU |
| | $b | ПБ им. Б.Н. Ельцина |
| | $c | 20200427 |
| | $2 | rusmarc |
| 850 | ## | $a | Российский государственный военный архив |
| 852 | ## | $a | РГВА |
| | $j | Л. 681-683 |
| 035 | ## | $a | LIBNET\0001069994 |
| 937 | ## | $d | 144162282 |
| | $h | Российский государственный военный архив |
| 856 | 4# | $u | http://readingroom.main.prlib.ru/item.aspx?id_node=n144162282&mode=full |